| 000 | 00570nam a22002057a 4500 | ||
|---|---|---|---|
| 003 | OSt | ||
| 005 | 20140310182801.0 | ||
| 008 | 130213t xxu||||| |||| 00| 0 eng d | ||
| 020 | _a9812471022 | ||
| 050 |
_aPN 4121 _b.G373 2003 |
||
| 082 |
_aM 802.53 _bP93 2003 |
||
| 245 |
_aPrinciples of public speaking / _cGerman, Kathleen |
||
| 260 |
_aSingapore : _bPearson Education South Asia, _c2003 |
||
| 300 |
_axxiii, 328 p. : _c23 cm. _bill. ; |
||
| 521 | _acollege students | ||
| 526 | _c1210L-1700L | ||
| 541 | _j1 | ||
| 562 | _e1 | ||
| 942 |
_2lcc _cBK _kM |
||
| 999 |
_c15991 _d15991 |
||